[Event "Udaipur Lakecity blitz op 1st"]
[Site "Udaipur"]
[Date "2019.09.16"]
[Round "2"]
[White "Vishwa Bala Kumaran, M."]
[Black "Ravi, Teja Sanka"]
[Result "0-1"]
[WhiteElo "1691"]
[BlackElo "2409"]
[PlyCount "92"]
[EventDate "2019.09.16"]
[EventType "swiss (blitz)"]
[EventRounds "9"]
[EventCountry "IND"]
[SourceTitle "EXT 2020"]
[Source "ChessBase"]
[SourceDate "2019.10.17"]
[SourceVersion "1"]
[SourceVersionDate "2019.10.17"]
[SourceQuality "1"]

1. e4 c6 2. d4 d5 3. Nc3 a6 4. e5 Bf5 5. g4 Bd7 6. Bd3 e6 7. Nce2 c5 8. c3 Nc6 9. Be3 cxd4 10. cxd4 Bb4+ 11. Bd2 Qb6 12. Bxb4 Nxb4 13. Bb1 Rc8 14. a3 Nc6 15. Nf3 Qxb2 16. Bd3 Qb6 17. 0-0 Nge7 18. Rb1 Qa7 19. Qb3 b5 20. Rfc1 h5 21. g5 g6 22. Rc5 Kf8 23. Rbc1 Kg7 24. Qc3 Rc7 25. Nd2 Rcc8 26. Nb3 Qb6 27. Qa1 h4 28. R1c2 h3 29. Qc1 Rh4 30. Qe3 Rch8 31. Qf3 Nf5 32. Bxf5 gxf5 33. Kh1 Rg4 34. Qc3 Rg2 35. Ng3 Rh4 36. Rxc6 Bxc6 37. Qxc6 Qxc6 38. Rxc6 Rxf2 39. Rxa6 Rb2 40. Kg1 Rxb3 41. Rb6 Rxd4 42. Nh5+ Kg6 43. Ng3 Rb2 44. Rb7 Rd1+ 45. Nf1 Rg2+ 46. Kh1 Rxf1# 0-1

[Event "Udaipur Lakecity blitz op 1st"]
[Site "Udaipur"]
[Date "2019.09.16"]
[Round "7"]
[White "Vishwa Bala Kumaran, M."]
[Black "Ziatdinov, Raset"]
[Result "1-0"]
[WhiteElo "1691"]
[BlackElo "2271"]
[PlyCount "85"]
[EventDate "2019.09.16"]
[EventType "swiss (blitz)"]
[EventRounds "9"]
[EventCountry "IND"]
[SourceTitle "EXT 2020"]
[Source "ChessBase"]
[SourceDate "2019.10.17"]
[SourceVersion "1"]
[SourceVersionDate "2019.10.17"]
[SourceQuality "1"]

1. e4 c5 2. Nf3 Nc6 3. d4 cxd4 4. Nxd4 e5 5. Nb5 a6 6. Nd6+ Bxd6 7. Qxd6 Qf6 8. Qxf6 Nxf6 9. Nc3 Nb4 10. Bd3 d5 11. exd5 Nxd3+ 12. cxd3 Bf5 13. 0-0 0-0-0 14. Bg5 Bxd3 15. Rfe1 Rhe8 16. Rad1 Kb8 17. Rxd3 Rd6 18. Bxf6 gxf6 19. Ne4 Rb6 20. b3 f5 21. Nc5 Rd6 22. f4 e4 23. Rd4 Rc8 24. b4 b6 25. Nxa6+ Kb7 26. b5 Rc2 27. Nb4 Rb2 28. Kf1 Rh6 29. h3 Rh4 30. Kg1 Rxf4 31. Rf1 Rxf1+ 32. Kxf1 e3 33. d6 Rf2+ 34. Ke1 Rd2 35. Rxd2 exd2+ 36. Kxd2 Kc8 37. Nd5 Kd7 38. Nxb6+ Kxd6 39. a4 Kc5 40. Nc8 f4 41. Ke2 Kb4 42. b6 h5 43. b7 1-0